Every 100,000+ City in Russia - Statistics

General Stats
  • This quiz has been taken 63 times
    16 since last reset
  • The average score is 124 of 211
Answer Stats
Letter Population City % Correct
A 414,205 Arkhangelsk
100%
A 705,811 Astrakhan
100%
B 779,485 Barnaul
100%
B 604,031 Bryansk
100%
C 1,558,340 Chelyabinsk
100%
G 403,216 Grozny
100%
I 689,460 Irkutsk
100%
I 742,633 Izhevsk
100%
K 521,740 Kaliningrad
100%
K 1,442,851 Kazan
100%
K 533,870 Kirov
100%
K 1,211,386 Krasnodar
100%
K 1,294,103 Krasnoyarsk
100%
L 611,275 Lipetsk
100%
M 20,411,864 Moscow
100%
M 308,466 Murmansk
100%
N-N 1,711,550 Nizhny Novgorod
100%
O 1,206,094 Omsk
100%
P 1,372,051 Perm
100%
P 245,237 Pskov
100%
S-P 6,316,793 Saint Petersburg
100%
S 1,353,072 Samara
100%
S 1,244,202 Saratov
100%
S 652,395 Sochi
100%
T 311,475 Tambov
100%
T 566,250 Tula
100%
T 439,015 Tver
100%
U 662,459 Ulyanovsk
100%
V-N 257,054 Veliky Novgorod
100%
V 409,578 Vladimir
100%
V 788,425 Vladivostok
100%
V 1,513,668 Volgograd
100%
Y 2,176,348 Yekaterinburg
100%
B 883,096 Balashikha
92%
C 339,807 Cherepovets
92%
C 462,104 Chita
92%
I 455,141 Ivanovo
92%
K 576,128 Kemerovo
92%
K 640,411 Khabarovsk
92%
K 284,525 Kostroma
92%
K 479,556 Kursk
92%
N-C 552,994 Naberezhnye Chelny
92%
N 560,848 Novokuznetsk
92%
N 2,021,960 Novosibirsk
92%
O 622,068 Orenburg
92%
P 632,289 Penza
92%
R-O-D 1,403,829 Rostov-on-Don
92%
R 596,048 Ryazan
92%
T 814,232 Tolyatti
92%
T 715,130 Tomsk
92%
T 943,011 Tyumen
92%
U 1,163,304 Ufa
92%
V 321,055 Vladikavkaz
92%
V 1,186,227 Voronezh
92%
Y 708,849 Yaroslavl
92%
A 290,962 Abakan
85%
B 583,497 Belgorod
85%
B 261,845 Blagoveshchensk
85%
E 274,085 Engels
85%
K 341,193 Kurgan
85%
M 100,424 Magadan
85%
M 425,480 Magnitogorsk
85%
M 829,585 Makhachkala
85%
N-T 341,121 Nizhny Tagil
85%
O 348,850 Oryol
85%
P-K 168,983 Petropavlovsk-Kamchatsky
85%
S 372,221 Saransk
85%
S 563,330 Sevastopol
85%
S 402,616 Simferopol
85%
S 365,743 Smolensk
85%
S 254,791 Syktyvkar
85%
U-U 617,148 Ulan-Ude
85%
V 344,732 Vologda
85%
Y 422,780 Yakutsk
85%
Y-O 315,650 Yoshkar-Ola
85%
B 259,905 Bratsk
77%
C 529,044 Cheboksary
77%
D 125,510 Derbent
77%
D 246,105 Dzerzhinsk
77%
E 105,623 Elista
77%
K 384,563 Kaluga
77%
K 159,964 Kerch
77%
K 441,050 Khimki
77%
K 190,129 Kyzyl
77%
N 335,804 Nalchik
77%
N 176,917 Norilsk
77%
P 293,560 Petrozavodsk
77%
P 402,291 Podolsk
77%
B 220,192 Biysk
69%
C 163,389 Cherkessk
69%
E 158,542 Elektrostal
69%
K-O-A 251,180 Komsomolsk-on-Amur
69%
M 203,806 Maykop
69%
O 358,226 Orsk
69%
P 237,016 Rybinsk
69%
S-O 278,889 Stary Oskol
69%
S 306,224 Sterlitamak
69%
S 513,370 Surgut
69%
A 227,483 Angarsk
62%
N 256,017 Novomoskovsk
62%
N 292,440 Novorossiysk
62%
S 259,010 Shakhty
62%
S 547,862 Stavropol
62%
T 265,450 Taganrog
62%
V 337,259 Volzhsky
62%
A 117,394 Artyom
54%
K-M 109,994 Khanty-Mansiysk
54%
K 248,606 Krasnogorsk
54%
L 355,195 Lyubertsy
54%
M 755,013 Mytishchi
54%
N 248,205 Nizhnekamsk
54%
S 201,565 Syzran
54%
U 211,057 Ussuriysk
54%
Y-S 224,916 Yuzhno-Sakhalinsk
54%
Z 242,961 Zelenograd
54%
Z 181,774 Zlatoust
54%
A 103,016 Anapa
46%
A 207,110 Armavir
46%
E 179,771 Essentuki
46%
K 150,128 Kolomna
46%
N 184,401 Nakhodka
46%
N 289,339 Nizhnevartovsk
46%
P 110,868 Pushkino
46%
P 392,455 Pyatigorsk
46%
A 163,512 Almetyevsk
38%
D 140,040 Dimitrovgrad
38%
D 180,440 Domodedovo
38%
G 103,431 Gatchina
38%
G 105,703 Glazov
38%
K 140,510 Kislovodsk
38%
M 151,268 Miass
38%
N 147,721 Nazran
38%
N 143,328 Neftekamsk
38%
R 202,106 Ramenskoye
38%
S-P 101,756 Sergiyev Posad
38%
T 103,337 Tobolsk
38%
A 104,505 Achinsk
31%
B 200,407 Balakovo
31%
B 135,415 Berezniki
31%
B 103,150 Bugulma
31%
K-S 106,635 Kamensk-Shakhtinsky
31%
K 121,544 Kamyshin
31%
K 102,551 Kansk
31%
K 127,893 Kaspiysk
31%
K 158,014 Khasavyurt
31%
K 104,045 Kiselyovsk
31%
K 152,545 Kovrov
31%
M-V 115,346 Mineralnye Vody
31%
M 116,406 Murino
31%
M 120,375 Murom
31%
N 131,515 Nefteyugansk
31%
N 111,045 Noginsk
31%
N 102,061 Novoaltaysk
31%
N 149,956 Novocheboksarsk
31%
N 176,995 Novocherkassk
31%
N 110,620 Noyabrsk
31%
O 157,735 Obninsk
31%
R 153,632 Rubtsovsk
31%
S 118,268 Sarapul
31%
S 100,010 Sarov
31%
S 101,667 Serov
31%
S 160,351 Severodvinsk
31%
S 110,026 Seversk
31%
S 149,983 Shchyolkovo
31%
U 112,606 Ukhta
31%
U-S 100,877 Usolye-Sibirskoye
31%
V-L 105,575 Velikiye Luki
31%
V 172,291 Volgodonsk
31%
V 105,003 Votkinsk
31%
Y 109,942 Yelets
31%
Z 114,792 Zelenodolsk
31%
Z 111,209 Zhukovsky
31%
A 116,027 Arzamas
23%
B 132,070 Bataysk
23%
B 108,284 Belovo
23%
B 103,950 Berdsk
23%
D 130,907 Dolgoprudny
23%
K-U 195,589 Kamensk-Uralsky
23%
K 266,090 Korolyov
23%
L-K 110,755 Leninsk-Kuznetskiy
23%
N 110,445 Novokuybyshevsk
23%
N 103,480 Novoshakhtinsk
23%
N 102,139 Novotroitsk
23%
N-U 125,680 Novy Urengoy
23%
O 113,619 Oktyabrsky
23%
O-Z 133,840 Orekhovo-Zuyevo
23%
P 126,006 Pervouralsk
23%
P 319,409 Prokopyevsk
23%
S 155,276 Salavat
23%
S 172,342 Serpukhov
23%
S 104,155 Solikamsk
23%
U-I 102,316 Ust-Ilimsk
23%
Z 110,802 Zheleznogorsk
23%
G 104,446 Georgiyevsk
15%
G 101,325 Gubkin
15%
K 165,094 Kopeysk
15%
K 106,122 Kropotkin
15%
M 102,092 Mezhdurechensk
15%
M 100,843 Michurinsk
15%
M 114,133 Mikhaylovsk
15%
N 158,114 Nevinnomyssk
15%
O 217,773 Odintsovo
15%
R 117,150 Reutov
15%
V 102,036 Voskresensk
15%
Y 108,811 Yevpatoriya
15%
A 144,349 Adler
8%
B 129,913 Belorechensk
8%
K 106,639 Kineshma
8%
L 138,474 Labinsk
8%
V 144,490 Vidnoye
8%
Z 164,483 Zheleznodorozhny
0%
No matching quizzes found
Score Distribution
Percent of People with Each Score
Percentile by Number Answered
Your Score History
You have not taken this quiz since the last reset